Normal view MARC view
  • Verma.P.S.etal.

Entry Personal Name

Number of records used in: 3

001 - CONTROL NUMBER

  • control field: 1985

003 - CONTROL NUMBER IDENTIFIER

  • control field: OSt

005 - DATE AND TIME OF LATEST TRANSACTION

  • control field: 20161210120413.0

008 - FIXED-LENGTH DATA ELEMENTS

  • fixed length control field: 161210|| aca||aabn | a|a d

040 ## - CATALOGING SOURCE

  • Original cataloging agency: OSt

100 ## - HEADING--PERSONAL NAME

  • Personal name: Verma.P.S.etal.

Powered by Koha